JetPunk will be down very briefly at 3:00PM EST (12:00PM PST, 8:00PM GST)

Statistics for Indian Geography A-Z

Click here to take the quiz!

General Stats

  • This quiz has been taken 87 times
  • The average score is 16 of 25

Answer Stats

HintAnswer% Correct
RCurrencyRupee
94%
HMountain range in the northHimalayas
94%
ELargest mammalElephant
92%
QMain religious texts of IslamQuran
88%
IRiver from which India
gains it name
Indus
87%
CFormerly called MadrasChennai
84%
ASea to the westArabian Sea
83%
GFormer Portuguese colonyGoa
82%
YSpiritual practiceYoga
81%
LNational flowerLotus
81%
PRegion shared with PakistanPunjab
78%
SMajor peninsula on which most
of India lies
Indian
{Subcontinent}
70%
UMost populated stateUttar Pradesh
70%
JNon-violent religionJainism
69%
VHoly Hindu city on the GangesVaranasi
62%
BLongest river in the NortheastBrahmaputra
60%
WState of KolkataWest Bengal
53%
DTerm for the "Untouchable"
castes of India
Dalit
45%
MState of MumbaiMaharashtra
44%
TAlso known as
the Great Indian Desert
Thar
42%
NMajor city in central IndiaNagpur
39%
OMain language of OdishaOdia
34%
FBiggest city in Haryana{Farid}abad
32%
KTallest mountain{Kang}chenjunga
26%
ZSubspecies of "humped" cattleZebu
18%

Score Distribution

Percentile by Number Answered

Percent of People with Each Score

Your Score History

You have not taken this quiz